000 02088cam a2200169 4500500
005 20260329003650.0
041 _afre
042 _adc
100 1 0 _aVignes, Jean
_eauthor
245 0 0 _aUne politique à faire peur !
260 _c2025.
500 _a94
520 _aContexte et enjeux : Les étudiants en santé représentent une population particulièrement exposée au risque d’anxiété, de dépression et d’idées suicidaires. Ces difficultés de santé mentale peuvent impacter l’atteinte d’objectifs pédagogiques en milieu clinique et académique. Or, les enseignants se sentent fréquemment démunis et insuffisamment formés à la prise en charge des difficultés de santé mentale des étudiants en santé.Perspectives : De là est né sur notre initiative, un groupe thématique porté par la SIFEM et lancé lors du Congrès international francophone de pédagogie en sciences de la santé en mai 2025 à Orléans. Ce GT propose d’établir un état des lieux de ces difficultés dans le monde francophone et une évaluation des besoins afin d’établir des recommandations pratiques.
520 _aContext and challenges : Health students are a population particularly at risk of anxiety, depression, and suicidal thoughts. These mental health issues can impact the achievement of educational goals in clinical and academic settings. However, teachers often feel helpless and inadequately trained to deal with the mental health issues of health students.Outlook : This led to our initiative to create a thematic group supported by SIFEM, which was launched at the International Francophone Congress on Health Sciences Education in May 2025 in Orléans. This working group aims to assess the current situation in the French-speaking world and evaluate needs in order to develop practical recommendations.
786 0 _nPratiques, les cahiers de la médecine utopique | 110 | 3 | 2025-08-27 | p. 23-25 | 0337-6400
856 4 1 _uhttps://stm.cairn.info/revue-pratiques-les-cahiers-de-la-medecine-utopique-2025-3-page-23?lang=fr&redirect-ssocas=7080
999 _c1826563
_d1826563